|
|
|
|
| LEADER |
00000nam0a2200000 4500 |
| 001 |
358915 |
| 005 |
20231102011136.0 |
| 035 |
|
|
|a (RuTPU)RU\TPU\retro\16187
|
| 090 |
|
|
|a 358915
|
| 100 |
|
|
|a 20200901d1971 d y0rusy50 ca
|
| 101 |
0 |
|
|a rus
|
| 102 |
|
|
|a RU
|
| 105 |
|
|
|a a z 001gy
|
| 200 |
1 |
|
|a Старинные исторические песни
|f сост. В. П. Аникина
|
| 210 |
|
|
|a Москва
|c Детская литература
|d 1971
|
| 215 |
|
|
|a 64 с.
|c ил.
|
| 225 |
1 |
|
|a Школьная библиотека
|
| 320 |
|
|
|a Вступительная статья: с. 3-6
|
| 606 |
1 |
|
|a Фольклор русский
|2 stltpush
|3 (RuTPU)RU\TPU\subj\64056
|9 80983
|
| 610 |
1 |
|
|a песни
|
| 610 |
1 |
|
|a историческая культура
|
| 675 |
|
|
|a 811
|v 4
|
| 702 |
|
1 |
|a Аникина
|b В. П.
|4 220
|
| 801 |
|
1 |
|a RU
|b 63413507
|c 20200901
|
| 801 |
|
2 |
|a RU
|b 63413507
|c 20210527
|g RCR
|
| 942 |
|
|
|c BK
|